000 00789nas a2200253Ia 4500
001 R002/39564
003 IT-RoPAU
008 151124c99999999xx |||||||||||| ||und||
040 _aIT-RoPAU
040 _cIT-RoPAU
041 _aITALIANO
100 _aRedi Riccardo
_gCodice Aut. SPICS: 2149
210 _aBIANCO E NERO
222 _aBianco E Nero
245 _aBIANCO E NERO, ANNO 45-N.03-LUGLIO/SETTEMBRE 1984
_bJocelyn di Leon Poirier
250 _a1a ed.
260 _aROMA
_bGREMESE
_c1984
501 _bPaulus - SPICS - Società San Paolo EM (non-commercial uses only)
_cCopyright2015
300 _a6 p. [112-117]
362 _aANNO 045, N.03-LUGLIO/SETTEMBRE 1984
500 _aRecensione-E-Scheda-Del-Film
650 _aCINEMA
_vPUBBLICAZIONE PERIODICA
942 _cCR
999 _c169657
_d169657